Eröffnung der neuen Geschäftsräume

Titel: Eröffnung der neuen Geschäftsräume : Frühjahr 1980 / Wiltrud Meinz-Arnold Kunsthandel, Hamburg-Blankenese
Körperschaft:
Veröffentlicht: [Hamburg], 1980
Umfang: [20] S. : überw. Ill.
Format: Buch
Sprache: Deutsch
Kein Bild verfügbar
X
Lokale Klassifikation: 41 9 G
alg: 13029426
001A    $03004:15-08-05 
001B    $01999:26-05-23 $t19:50:40.000 
001C    $03004:15-08-05 $t09:17:25.000 
001D    $03004:15-08-05 
001U    $0utf8 
001X    $00 
002@    $0Aau 
003@    $0130294268 
003O    $0179756654 $aOCoLC 
007A    $0130294268 $aHEB 
007T    $0Herdhh130294268 
010@    $ager 
011@    $a1980 
021A    $aEröffnung der neuen Geschäftsräume $dFrühjahr 1980 $hWiltrud Meinz-Arnold Kunsthandel, Hamburg-Blankenese 
029A    $#Kunsthandel Wiltrud Meinz-Arnold Hamburg $#Meinz-Arnold, Kunsthandel, Wiltrud Hamburg $73062120-3 $8Wiltrud Meinz-Arnold, Kunsthandel$gHamburg [Tb1] $9130294217 
033A    $p[Hamburg] 
034D    $a[20] S. 
034M    $aüberw. Ill. 
045F    $a709.471 $eDDC23BSB 
045F/01 $a709 
045F/03 $g471 

lok: 13029426 24
101B    $015-08-05 $t09:15:46.000 
101C    $015-08-05 
145Z/01 $a41 9 G 
101U    $0utf8 

exp: 13029426 24 1 #EPN
201B/01 $005-09-05 $t09:10:44.000 
201C/01 $015-08-05 
203@/01 $0280646100 
208@/01 $a05-09-05 $bz 
209A/01 $aS 20513 $du $f050 $hS 20513 $x00 
209C/01 $a05.3400 G $h05 3400 G 
209G/01 $a71122794 $x00 
220C/01 $agro 
247C/01 $8358050-7 Marburg, Bibliothek des Herder-Instituts Marburg $9102600961 
201U/01 $0utf8 

lok: 13029426 78

exp: 13029426 78 1 #EPN
201B/01 $019-04-17 $t16:47:16.000 
201U/01 $0utf8 
203@/01 $079277891X 
208@/01 $a12-11-16 $be 
209A/01 $a/ $f000 $x00 
237A/01 $aweiterführende Signatur(en): Herder-Institut: S 20513 
245Z/01 $a11.10 $x01 
247C/01 $82080>Marburg/Lahn, Herder-Institut, Forschungsbibliothek, Bibliographieportal $9336309341
LEADER 00000cam a2200000 c 4500
001 130294268
003 DE-603
005 20230526195040.0
007 tu
008 050815s1980 xx |||| | u00||u|ger c
035 |a (DE-599)HEB130294268 
035 |a (OCoLC)179756654 
040 |a DE-603  |b ger  |c DE-603  |d DE-603 
041 |a ger 
082 0 4 |8 1\u  |a 709.471  |q DE-101  |2 23/BSB 
085 |8 1\u  |b 709 
085 |8 1\u  |z 2  |s 471 
110 2 |a Wiltrud Meinz-Arnold, Kunsthandel  |g Hamburg  |0 (DE-603)130294217  |0 (DE-588)3062120-3  |2 gnd 
245 0 0 |a Eröffnung der neuen Geschäftsräume  |b Frühjahr 1980  |c Wiltrud Meinz-Arnold Kunsthandel, Hamburg-Blankenese 
264 1 |a [Hamburg]  |c 1980 
300 |a [20] S.  |b überw. Ill. 
924 0 |9 Mb 50  |a (DE-603)280646100  |b DE-Mb50  |c HES  |d c  |g S 20513 
924 0 |9 2080  |a (DE-603)79277891X  |b DE-2080  |c HES  |d d  |g /